000 00600nam a2200205Ia 4500
003 OSt
005 20250606093445.0
008 220923b |||||||| |||| 00| 0 eng d
037 _cReference
040 _aRTL
_cRTL
_beng
041 _2eng
_aeng
084 _aB L9/SC
_qRTL
100 _aMeyer Richard M.
_9339705
245 0 _aEssential mathematics for applied fields
260 _aVerlag
_bSpringer
_c1979
300 _axvi, 555 p.
_bIncludes bibliographical references and index
650 _aMathematics
942 _hB, L9/SC
_cREF
_2CC
_n0
999 _c658248
_d658248